000 00602nam a2200217Ia 4500
001 53782
008 140505s9999 xx 000 0 und d
020 _a9789381269558
040 _cPK-LaUMT
082 _a 510
_bARF-M
100 _aArfken, George B.
245 _aMathematical methods for Physics
_ba comprehensive guide
_cArfken, George B.<>Weber, Hans J.<>Harris, Frank E.
250 _a7th
260 _aOxford,USA:
_bAcademic Press,
_c2013
300 _a1205 p.
546 _aEN
650 _aMathematical methods
700 _aHarris, Frank E.
700 _aWeber, Hans J.
942 _cBK
999 _c51199
_d51199